The honest always stand alone (Record no. 2398)

MARC details
000 -LEADER
fixed length control field 00445 a2200169 4500
001 - CONTROL NUMBER
control field 068747
003 - CONTROL NUMBER IDENTIFIER
control field OSt
005 - DATE AND TIME OF LATEST TRANSACTION
control field 20220312160245.0
008 - FIXED-LENGTH DATA ELEMENTS--GENERAL INFORMATION
fixed length control field
082 ## - DEWEY DECIMAL CLASSIFICATION NUMBER
Classification number 352.63092
Item number S54H
100 1# - MAIN ENTRY--PERSONAL NAME
Personal name Somiah, C.G.
245 1# - TITLE STATEMENT
Title The honest always stand alone
Statement of responsibility, etc by C.G. Somiah
260 ## - PUBLICATION, DISTRIBUTION, ETC. (IMPRINT)
Place of publication, distribution, etc New Delhi
Name of publisher, distributor, etc Niyogi Books
Date of publication, distribution, etc 2010
300 ## - PHYSICAL DESCRIPTION
Extent 273p.
653 ## - INDEX TERM--UNCONTROLLED
Uncontrolled term India; Civil service; Government executives
942 ## - ADDED ENTRY ELEMENTS (KOHA)
Source of classification or shelving scheme Dewey Decimal Classification
Koha item type Books
Holdings
Withdrawn status Lost status Source of classification or shelving scheme Damaged status Not for loan Collection code Home library Current library Date acquired Source of acquisition Cost, normal purchase price Total Checkouts Full call number Barcode Date last seen Date checked out Price effective from Koha item type
    Dewey Decimal Classification     General Text Book Central University Of Rajasthan Central University Of Rajasthan 07/03/2012 ENG 395.00 1 352.63092 S54H 3034 21/11/2024 22/08/2022 02/09/2020 Books